Piggy's bath / (Record no. 9651)

MARC details
000 -LEADER
fixed length control field 00916nam a22003017a 4500
001 - CONTROL NUMBER
control field 9651
003 - CONTROL NUMBER IDENTIFIER
control field FISKH
005 - DATE AND TIME OF LATEST TRANSACTION
control field 20260128093420.0
008 - FIXED-LENGTH DATA ELEMENTS--GENERAL INFORMATION
fixed length control field 260128b cb ||||| |||| 00| 0 eng d
020 ## - INTERNATIONAL STANDARD BOOK NUMBER
International Standard Book Number 9780763613280
040 ## - CATALOGING SOURCE
Original cataloging agency FISKH
Language of cataloging eng
Transcribing agency FISKH
Modifying agency FISKH
050 ## - LIBRARY OF CONGRESS CALL NUMBER
Classification number PZ7
082 ## - DEWEY DECIMAL CLASSIFICATION NUMBER
Classification number 823.92
100 ## - MAIN ENTRY--PERSONAL NAME
Personal name Martin, David
Relator term Author
245 ## - TITLE STATEMENT
Title Piggy's bath /
Statement of responsibility, etc. David Martin ; illustrated by Frank Remkiewicz
260 ## - PUBLICATION, DISTRIBUTION, ETC.
Place of publication, distribution, etc. Guangdong :
Name of publisher, distributor, etc. Candlewick Press ,
Date of publication, distribution, etc. 2001
300 ## - PHYSICAL DESCRIPTION
Extent 8 unnumbered pages :
Other physical details color illustrations ;
Dimensions 14 x 20 cm
490 ## - SERIES STATEMENT
Series statement Brand new readers
505 ## - FORMATTED CONTENTS NOTE
Formatted contents note C<br/>
520 ## - SUMMARY, ETC.
Summary, etc. Piggy and Dad have fun with drawings, the bathtub, sandwiches, and bedtime.
521 8# - TARGET AUDIENCE NOTE
Target audience note 100<br/>
Source Lexile estimate<br/>
521 8# - TARGET AUDIENCE NOTE
Target audience note C<br/>
Source Raz-Plus<br/>
650 ## - SUBJECT ADDED ENTRY--TOPICAL TERM
Topical term or geographic name entry element Children's
Form subdivision Early reader
650 ## - SUBJECT ADDED ENTRY--TOPICAL TERM
Topical term or geographic name entry element Fiction
Form subdivision Pig
700 ## - ADDED ENTRY--PERSONAL NAME
Personal name Remkiewicz, Frank
Relator term Illustrator
942 ## - ADDED ENTRY ELEMENTS (KOHA)
Source of classification or shelving scheme Dewey Decimal Classification
Koha item type Books
Suppress in OPAC No
Holdings
Withdrawn status Lost status Source of classification or shelving scheme Damaged status Not for loan Collection Home library Current library Shelving location Date acquired Total Checkouts Full call number Barcode Date last seen Copy number Price effective from Koha item type
    Dewey Decimal Classification     Juvenile Fiction Footprints International School Library Network Toul Tom Poung Campus Footprints International School Library Network Toul Tom Poung Campus TTP Primary Green Bookshelves 01/28/2026   MAR 823.92 PZ7 2026-0169 01/28/2026 1 01/28/2026 Books